|
|
|
|
| LEADER |
01161nam a2200277 a 4500 |
| 001 |
GR-MES1814 |
| 008 |
991111s1998 enk b 001 b eng d |
| 020 |
|
|
|a 080395686X
|
| 040 |
|
|
|a GrPaTEI
|b gre
|c GR-PaULI
|
| 245 |
0 |
0 |
|a Organizational justice and human resource management.
|
| 260 |
|
|
|a London :
|b Sage,
|c 1998
|
| 300 |
|
|
|a 278σ.
|
| 490 |
1 |
|
|a Foundations for organizational science
|
| 504 |
|
|
|a Περιλαμβάνει βιβλιογραφικές παραπομπές και ευρετήριο.
|
| 650 |
|
4 |
|a ΕΠΙΜΕΡΙΣΤΙΚΗ ΔΙΚΑΙΟΣΥΝΗ
|
| 650 |
|
4 |
|a ΗΘΙΚΗ
|
| 650 |
|
4 |
|a Μάνατζμεντ
|
| 650 |
|
4 |
|a ΟΡΓΑΝΩΤΙΚΗ ΣΥΜΠΕΡΙΦΟΡΑ
|
| 700 |
1 |
|
|a Cropanzano, Russell
|
| 700 |
1 |
|
|a Folger, Robert
|
| 710 |
0 |
|
|a Sage
|
| 830 |
|
0 |
|1 0015546
|1 2001
|a Θαλάσσιες μεταφορές (Γιώργος Α. Γιαννόπουλος)
|
| 942 |
|
|
|2 ddc
|
| 952 |
|
|
|0 0
|1 0
|2 ddc
|4 0
|6 658_300000000000000_FOL
|7 0
|9 266101
|a MSLG
|b MSLG
|c BSC
|d 2021-01-17
|e 24
|f 0
|g 0.00
|l 0
|o 658.3 FOL
|p 2420000013415
|r 2021-01-17 00:00:00
|t 1
|w 2021-01-17
|y BK15
|x 19991111 0 1
|x GrPaTEI
|
| 971 |
|
|
|a .b25728581
|b 15-04-20
|c 13-09-16
|
| 999 |
|
|
|c 153011
|d 153011
|